Quick Pick: NFL Passing Leaders Quiz Stats

Quiz Updated Nov 22, 2016

Challenge
Share
Tweet
Embed
Score 0/15 Timer 00:30
5 Plays Today
% Correct
Brett Favre
92.4%
Dan Marino
89%
Peyton Manning
87.8%
Tom Brady
86.8%
Drew Brees
81.8%
John Elway
81.4%
Ben Roethlisberger
65.1%
Warren Moon
58.9%
% Correct
Eli Manning
58.7%
Fran Tarkenton
53.7%
Dan Fouts
52.8%
Drew Bledsoe
48.8%
Philip Rivers
47.6%
Vinny Testaverde
46.8%
Carson Palmer
32%

Today's Daily Dose

You're not logged in!

Compare scores with friends on all Sporcle quizzes.
Sign Up with Email
OR
Log In

You Might Also Like...

Show Comments

Extras

Top Quizzes Today


Score Distribution

Your Account Isn't Verified!

In order to create a playlist on Sporcle, you need to verify the email address you used during registration. Go to your Sporcle Settings to finish the process.